000 00556am a2200217a 44500
003 AR-BaBNM
005 20251128202721.0
008 077019s1945 #AR|||||||||||000 | spa||
040 _cAR-BaBNM
100 1 _aFernández Beschtedt, Silvia
245 1 0 _aEn la tierra del Colihue
_bnovela cordillerana
260 _aBuenos Aires
_bDe la autora
_c1945
300 _a134 p.
650 4 _aLITERATURA ARGENTINA
650 4 _aESCRITORES
650 4 _aNOVELAS
650 4 _aLITERATURA CONTEMPORANEA
655 _aLITERATURA
942 _cBK
998 _cMARTIN
999 _c222
_d222